000 00695nam a2200265Ia 4500
001 8485
005 20240113234113.0
007 ta
008 050719s 196 a g b000 u eng u
020 _cHB
040 _aCotton College,Assam
041 _aeng
082 _a973.9
_bCo 73 Do
100 _aCommager, H.S. .
245 0 _aDocuments of American History /
_cH.S. Commager.
_hTextual Documents
250 _a8th ed /
260 _aNew York :
_bMeredith Corporation ,
_cC 1968.
300 _axxiii, 746p. :
_bill. ;
_c23cm. .
504 _aIndex
653 _aHistory, America
653 _aAmerica, History
942 _2ddc
_cBK
999 _c8472
_d8472